000
00463nam a2200133Ia 4500
008
100328s9999 xx 000 0 und d
082
_b
30743
100
_a
लिमये बाबा
245
_a
अगा जे घडलेचि नाही
260
_b
मॅजेस्टिक बुक स्टॉल
630
_a
अगा जे घडलेचि नाही
730
_a
अगा जे घडलेचि नाही
942
_c
BOOK
999
_c
521708
_d
521705